000
00280nam a22001217a 4500
003
OSt
008
240807b |||||||| |||| 00| 0 eng d
100
_a
Kumar Neeraj
245
_a
Madhumakhi palan parichay and prabandhan
260
_a
pusa
_c
2017
300
_a
90
942
_2
ddc
_c
DB
999
_c
43641
_d
43641